Sports Quiz

Random Sports or Basketball Quiz

NBA: Most Points, No Scoring Titles Quiz Stats

 Plays Quiz Updated Jun 17, 2019

Score 0/20 Timer 04:00
1 Play Today
Rank NBA Player % Correct
#1Karl Malone
91.3%
#3Moses Malone
89.3%
#2Dirk Nowitzki
70.1%
#6Tim Duncan
64.7%
#19Larry Bird
57.7%
#9Kevin Garnett
54.7%
#7Paul Pierce
54.1%
#4Hakeem Olajuwon
52.8%
#14Charles Barkley
51.2%
#13Ray Allen
50.6%
Rank NBA Player % Correct
#12Patrick Ewing
49.3%
#10Vince Carter
49%
#11Reggie Miller
40.9%
#17Clyde Drexler
34.9%
#8John Havlicek
34.4%
#5Oscar Robertson
32.7%
#16Elgin Baylor
32.1%
#15Robert Parish
29.6%
#18Gary Payton
27.2%
#20Hal Greer
9.1%

You're not logged in!

Compare scores with friends on all Sporcle quizzes.
OR
Log In

Sporcle TV

Today on Sporcle TV


Watch our educational content, quiz creation guides, and fun videos on Sporcle TV.

Show Comments

Extras

Top Quizzes Today


Score Distribution

Your Account Isn't Verified!

In order to create a playlist on Sporcle, you need to verify the email address you used during registration. Go to your Sporcle Settings to finish the process.

Report this User

Report this user for behavior that violates our Community Guidelines.

Details: